000
00266nam a2200097Ia 4500
001
696227
005
20250826162008.0
008
250824s9999 xx 000 0 und d
245
0
_a
Gulyabani - Gönül Ticareti
_c
Hüseyin Rahmi Gürpınar
260
_b
Everest Yayınları
999
_c
696227
_d
696227